| 000 | 00536nam a2200157 4500 | ||
|---|---|---|---|
| 008 | 030724s1972 us 0 eng | ||
| 090 |
_aBS2685.2 _bC71 |
||
| 100 | 1 | _aColson, Howard P. | |
| 245 | 1 | 0 |
_aGalatians : _bfreedom through Christ / _cHoward P. Colson and Robert J. Dean. |
| 260 |
_aTennessee : _bConvention Press, _cc1972. |
||
| 300 |
_a135 p. : _bill., map |
||
| 504 | _aBiblio. : p. 129 | ||
| 650 | 4 | _aBible. N.T. Galatians | |
| 700 | 1 | _aDean, Robert J. | |
| 951 |
_p4651 _x00025865 _oBS2685.2/C71 _j070613111256484 _d2000-12-21 _cGC |
||
| 999 |
_c16095 _d16095 |
||